书目信息 |
| 题名: |
城语
|
|
| 作者: | 梁思成, 著 ;林洙汇 编 | |
| 分册: | ||
| 出版信息: | 北京 当代世界出版社 2022.01 |
|
| 页数: | 453页 | |
| 开本: | 24cm | |
| 丛书名: | ||
| 单 册: | ||
| 中图分类: | TU-092.2 | |
| 科图分类: | ||
| 主题词: | 古建筑--gu jian zhu--研究--中国 | |
| 电子资源: | ||
| ISBN: | 978-7-5090-1595-7 | |
| 000 | 01200nam0 2200265 450 | |
| 001 | 27621 | |
| 005 | 20220921163720.60 | |
| 010 | @a978-7-5090-1595-7@dCNY89.90 | |
| 100 | @a20220302d2022 em y0chiy50 ea | |
| 101 | 0 | @achi |
| 102 | @aCN@b110000 | |
| 105 | @aa a 000yy | |
| 200 | 1 | @a城语@Acheng yu@e梁思成建筑谈@f梁思成著@g林洙汇编 |
| 210 | @a北京@c当代世界出版社@d2022.01 | |
| 215 | @a453页@c图@d24cm | |
| 314 | @a梁思成, 1901-1972, 著名建筑历史学家, 1924年在美国宾夕法尼亚大学学习建筑。 | |
| 320 | @a有书目 | |
| 330 | @a本书包括建筑史、建筑论述、建筑教育、建筑随笔四部分, 建筑史和建筑论述占据了本书的大部分篇幅, 体现了先生一以贯之的建筑研究思想, 文中保留了梁先生考察时拍摄的众多图片, 图文并茂, 让初窥门径的读者, 也能领略中国古建筑之美 ; 建筑教育和建筑随笔部分虽占据篇幅少, 但是本书不可或缺的部分, 这部分体现了梁先生严谨的学风和明确的教育思想, 可以让读者看到中国的建筑教育从无到有的过程。 | |
| 517 | 1 | @a梁思成建筑谈@Aliang si cheng jian zhu tan |
| 606 | 0 | @a古建筑@Agu jian zhu@x研究@y中国 |
| 690 | @aTU-092.2@v5 | |
| 701 | 0 | @a梁思成,@Aliang si cheng@f1901-1972@4著 |
| 702 | 0 | @a林洙汇@Alin zhu hui@4编 |
| 801 | 0 | @aCN@c20220910 |
| 905 | @a河南城建学院图书馆@dTU-092.2@eL410@f2 | |
| 城语:梁思成建筑谈/梁思成著/林洙汇编.-北京:当代世界出版社,2022.01 |
| 453页:图;24cm |
| ISBN 978-7-5090-1595-7:CNY89.90 |
| 本书包括建筑史、建筑论述、建筑教育、建筑随笔四部分, 建筑史和建筑论述占据了本书的大部分篇幅, 体现了先生一以贯之的建筑研究思想, 文中保留了梁先生考察时拍摄的众多图片, 图文并茂, 让初窥门径的读者, 也能领略中国古建筑之美 ; 建筑教育和建筑随笔部分虽占据篇幅少, 但是本书不可或缺的部分, 这部分体现了梁先生严谨的学风和明确的教育思想, 可以让读者看到中国的建筑教育从无到有的过程。 |
| ● |
| 相关链接 |
|
|
|
正题名:城语
索取号:TU-092.2/L410
 
预约/预借
| 序号 | 登录号 | 条形码 | 馆藏地/架位号 | 状态 | 备注 |
| 1 | 1579897 | 215798974 | 建筑库101/101建筑库 6排4列2层/ [索取号:TU-092.2/L410] | 在馆 | |
| 2 | 1579898 | 215798983 | 建筑库101/101建筑库 6排4列2层/ [索取号:TU-092.2/L410] | 在馆 |